|
|
|
|
| LEADER |
00865nam a22002051i 4500 |
| 003 |
GR-PaULI |
| 005 |
20210117210533.0 |
| 008 |
180108s2017 gr ||||g |||| 000 d gre d |
| 020 |
|
|
|a 9789605041878
|
| 040 |
|
|
|a GR-PaULI
|b gre
|c GR-PaULI
|e AACR2
|
| 082 |
0 |
4 |
|2 23
|a 889.27
|
| 100 |
1 |
|
|9 1839
|a Δημητριάδης, Δημήτρης,
|d 1944-
|e συγγραφέας
|
| 245 |
1 |
0 |
|a Θερισμός /
|c Δημήτρης Δημητριάδης.
|
| 260 |
|
|
|a Αθήνα :
|b Νεφέλη,
|c 2017.
|
| 300 |
|
|
|a 70 σ. ;
|c 20 εκ.
|
| 650 |
|
4 |
|9 102577
|a Ελληνικά θεατρικά έργα
|y 21ος αιώνας
|
| 942 |
|
|
|2 ddc
|c BK15
|
| 952 |
|
|
|0 0
|1 0
|2 ddc
|4 0
|6 889_270000000000000_ΔΗΜ
|7 0
|9 218700
|a THST
|b THST
|d 2018-01-08
|i 014708
|l 1
|o 889.27 ΔΗΜ
|p 025000199990
|r 2022-06-03 00:00:00
|s 2022-04-15
|t 1
|v 2018.00
|w 2018-01-08
|y BK15
|
| 998 |
|
|
|c ΜΑΝΙΑ
|d 2018-01
|
| 999 |
|
|
|c 132375
|d 132375
|